Score 0/64 Timer 06:00
1 Play Today
Series Movie % Correct
Bruce Wayne Adopts an Alter-Ego to Clean Up GothamThe Dark Knight
91.3%
Hobbits, Elves, Orcs, and Others Clash in Middle-earthLord of the Rings: The Two Towers
87.5%
Bruce Wayne Adopts an Alter-Ego to Clean Up GothamBatman Begins
85.8%
Sigourney Weaver Tangles With Extra-TerrestrialsAlien
85.7%
Hobbits, Elves, Orcs, and Others Clash in Middle-earthLord of the Rings: The Fellowship of the Ring
84.8%
A Long Time Ago in a Galaxy Far Far
Away...
Star Wars
84.6%
Hobbits, Elves, Orcs, and Others Clash in Middle-earthLord of the Rings: The Return of the King
84.4%
Damn Dirty Primates Have Taken Over the EarthPlanet of the Apes
82.8%
Cyborgs Travel Through Time to Kill the Leader of HumanityTerminator
81.7%
Bruce Wayne Adopts an Alter-Ego to Clean Up GothamThe Dark Knight Rises
80.4%
Archeologist/Tomb Raider Fights Nazis, Thugs, etc.Raiders of the Lost Ark
79%
A Long Time Ago in a Galaxy Far Far
Away...
Episode VI: Return of the Jedi
77.8%
A British Spy Gets Frozen And Wakes Up in 1997Austin Powers: International Man of Mystery
77.7%
Archeologist/Tomb Raider Fights Nazis, Thugs, etc.Indiana Jones and the Temple of Doom
77%
Cyborgs Travel Through Time to Kill the Leader of HumanityTerminator 2: Judgment Day
75.6%
Sigourney Weaver Tangles With Extra-TerrestrialsAliens
75.4%
A Long Time Ago in a Galaxy Far Far
Away...
Episode V: The Empire Strikes Back
73.8%
CIA Assassin Challenges Blackbriar, Treadstone, etc.The Bourne Identity
73.3%
A British Spy Gets Frozen And Wakes Up in 1997Austin Powers: The Spy Who Shagged Me
71.7%
Cyborgs Travel Through Time to Kill the Leader of HumanityTerminator 3: Rise of the Machines
69.4%
Johnny Depp Swashbuckles His Way to Fortune and GloryPirates of the Caribbean: The Curse of the Black Pearl
69.3%
A British Spy Gets Frozen And Wakes Up in 1997Austin Powers in Goldmember
68.9%
Mutants and Humans Fight a Battle for HumanityX-Men
68.9%
CIA Assassin Challenges Blackbriar, Treadstone, etc.The Bourne Supremacy
67.4%
A Renegade Cop Traverses the Post-Apocalyptic OutbackMad Max
67.1%
CIA Assassin Challenges Blackbriar, Treadstone, etc.The Bourne Ultimatum
67.1%
Archeologist/Tomb Raider Fights Nazis, Thugs, etc.Indiana Jones and the Last Crusade
67%
Johnny Depp Swashbuckles His Way to Fortune and GloryPirates of the Caribbean: Dead Man's Chest
62.6%
A Long Time Ago in a Galaxy Far Far
Away...
Episode I: The Phantom Menace
61.6%
Archeologist/Tomb Raider Fights Nazis, Thugs, etc.Indiana Jones and the Kingdom of the Crystal Skull
61.6%
A Long Time Ago in a Galaxy Far Far
Away...
Episode III: Revenge of the Sith
59.3%
Johnny Depp Swashbuckles His Way to Fortune and GloryPirates of the Caribbean: At World's End
58.7%
Series Movie % Correct
A Long Time Ago in a Galaxy Far Far
Away...
Episode II: Attack of the Clones
57.4%
A Renegade Cop Traverses the Post-Apocalyptic OutbackMad Max: Fury Road
56.9%
Mutants and Humans Fight a Battle for HumanityX-Men Origins: Wolverine
55%
Sigourney Weaver Tangles With Extra-TerrestrialsAlien3
52.4%
Mutants and Humans Fight a Battle for HumanityThe Wolverine
52.1%
A Long Time Ago in a Galaxy Far Far
Away...
Episode VII: The Force Awakens
52.1%
A Long Time Ago in a Galaxy Far Far
Away...
Episode VIII: The Last Jedi
51.9%
A Long Time Ago in a Galaxy Far Far
Away...
Episode IX: The Rise of Skywalker
50.7%
CIA Assassin Challenges Blackbriar, Treadstone, etc.Jason Bourne
50.5%
A Renegade Cop Traverses the Post-Apocalyptic OutbackThe Road Warrior
48.4%
CIA Assassin Challenges Blackbriar, Treadstone, etc.The Bourne Legacy
48.2%
Damn Dirty Primates Have Taken Over the EarthRise of the Planet of the Apes
48%
Mutants and Humans Fight a Battle for HumanityX-Men: First Class
46.9%
Johnny Depp Swashbuckles His Way to Fortune and GloryPirates of the Caribbean: On Stranger Tides
45.3%
A Renegade Cop Traverses the Post-Apocalyptic OutbackMad Max Beyond Thunderdome
43.9%
Mutants and Humans Fight a Battle for HumanityX2: X-men United
41.9%
Cyborgs Travel Through Time to Kill the Leader of HumanityTerminator: Salvation
41.2%
Mutants and Humans Fight a Battle for HumanityX-Men: The Last Stand
39.9%
Mutants and Humans Fight a Battle for HumanityLogan
39.7%
Mutants and Humans Fight a Battle for HumanityX-Men: Days of Future Past
39.5%
Mutants and Humans Fight a Battle for HumanityX-Men: Apocalypse
38.6%
Damn Dirty Primates Have Taken Over the EarthDawn of the Planet of the Apes
38.4%
Sigourney Weaver Tangles With Extra-TerrestrialsAlien: Resurrection
37.3%
Mutants and Humans Fight a Battle for HumanityDark Phoenix
35%
Cyborgs Travel Through Time to Kill the Leader of HumanityTerminator: Genisys
32.8%
Johnny Depp Swashbuckles His Way to Fortune and GloryPirates of the Caribbean: Dead Men Tell No Tales
31.8%
Damn Dirty Primates Have Taken Over the EarthWar for the Planet of the Apes
30%
Cyborgs Travel Through Time to Kill the Leader of HumanityTerminator: Dark Fate
22.6%
Damn Dirty Primates Have Taken Over the EarthBeneath the Planet of the Apes
16.3%
Damn Dirty Primates Have Taken Over the EarthEscape from the Planet of the Apes
11.4%
Damn Dirty Primates Have Taken Over the EarthBattle for the Planet of the Apes
9.5%
Damn Dirty Primates Have Taken Over the EarthConquest of the Planet of the Apes
7%

You're not logged in!

Compare scores with friends on all Sporcle quizzes.
OR
Log In

Sporcle TV

Today on Sporcle TV


Watch our educational content, quiz creation guides, and fun videos on Sporcle TV.

Show Comments

Extras

Top Quizzes Today


Score Distribution

Paid Content

Your Account Isn't Verified!

In order to create a playlist on Sporcle, you need to verify the email address you used during registration. Go to your Sporcle Settings to finish the process.

Report this User

Report this user for behavior that violates our Community Guidelines.

Details: